Language in behavior
Guardado en:
| Autores principales: | , |
|---|---|
| Formato: | Libro |
| Lenguaje: | inglés |
| Publicado: |
Nueva York
Human Sciences Press
1976
|
| Edición: | 1a. ed |
| Colección: | Psychology Series
|
| Materias: | |
| Etiquetas: |
Agregar Etiqueta
Sin Etiquetas, Sea el primero en etiquetar este registro!
|
MARC
| LEADER | 00000nam a2200000 a 4500 | ||
|---|---|---|---|
| 001 | UCH0267 | ||
| 003 | CL-VaPUC | ||
| 008 | 090227e19760000US |||||||||||||||||eng|d | ||
| 020 | |a 0877051577 | ||
| 082 | 0 | 4 | |a 302 |b HOW |2 21 |
| 100 | 0 | |a Howell, Richard W |e author |9 534453 | |
| 700 | 0 | |a Vetter, Harold J |e author |9 534454 | |
| 245 | 1 | 0 | |a Language in behavior |
| 250 | |a 1a. ed | ||
| 300 | |a 397 p | ||
| 942 | |c BK | ||
| 945 | |d 20090227 00:00:00 |a cmena | ||
| 260 | |a Nueva York |b Human Sciences Press |c 1976 | ||
| 650 | 0 | |a Psicolingüística |9 283371 | |
| 650 | 0 | |a Sociolingüística |9 263716 | |
| 650 | 0 | |a Investigación lingüística |9 329785 | |
| 650 | 0 | |a Cambio social |9 256857 | |
| 583 | |a last modification |c 20130104 11:38:18 |k Rodrigo Vera | ||
| 490 | 0 | |a Psychology Series | |
| 999 | |c 332605 |d 332603 | ||
| 952 | |0 0 |1 0 |4 0 |6 302_000000000000000_HOW_1976 |7 0 |8 A |9 420453 |a FDOPOS |b FDOPOS |d 2019-11-22 |i 451677K |o 302 HOW 1976 |p 451677K |r 2025-01-22 |w 2019-11-22 |y BK |k MLA | ||